000 00602nam a2200217 a 4500
001 20038
003 CO-ViMGA
008 141112s2004 ck r 000 u spa d
020 _a8495501376
040 _aCO-ViMGA
_bspa
_cCO-ViMGA
082 0 4 _aPe 863.6 V174c
100 1 _aVargas Llosa, Mario
_911485
245 1 0 _aLos cuadernos de don Rigoberto
260 _aEspaña :
_bSantillana,
_c2000
300 _a453 p.
490 _aPunto de lectura
590 _aForma de adquisición : Premio Mincultura
650 1 4 _aAMOR EN LA LITERATURA
_98361
650 1 4 _aNOVELA PERUANA
_911242
942 _2ddc
_cBK
999 _c29153
_d29153